000
00326 a2200157 4500
001
193011
020
_a
978-85-209-2298-9
040
_c
Magnum
100
_a
Zigg, Ivan
240
1
0
_a
Só um minutinho
_l
por
245
1
0
_a
Só um minutinho
300
_a
24
362
0
_a
2009
697
_a
LITERATURA INFANTIL
942
_c
BK
999
_c
193011
_d
193011